Países en la segunda guerra mundial - Estadísticas

Estadísticas generales
  • Esta prueba ha sido intentada 366 veces
  • La puntuación promedio es 21 de 28
Estadísticas de respuestas
# de muertes País % Correcto
5,533,000 Alemania Nazi
99%
10,700,000 Unión Soviética
99%
416,800 Estados unidos
96%
2,120,000 Japón
96%
217,600 Francia
95%
301,400 Italia fascista
94%
383,800 Reino unido
93%
4,000,000 China
91%
240,000 Polonia
91%
17,000 Países Bajos
83%
45,400 Canadá
82%
12,100 Bélgica
81%
35,100 Grecia
81%
3,000 Noruega
81%
446,000 Yugoslavia
78%
39,800 Australia
77%
300,000 Rumanía
77%
95,000 Finlandia
76%
300,000 Hungría
76%
22,000 Bulgaria
68%
2,100 Dinamarca
68%
4,500 España
65%
25,000 Checoslovaquia
56%
11,900 Nueva Zelanda
56%
1,000 Brasil
51%
30,000 Albania
46%
11,000 Sudáfrica
43%
5,600 Tailandia
25%
No se encontraron pruebas coincidentes
Distribución de puntuación
Porcentaje de gente con cada puntuación
Porcentaje por número respondido
Historial de tus puntuaciones
No has intentado esta prueba.